| 000 | 00362cam a22001097a 4500 | ||
|---|---|---|---|
| 008 | 180718b1958 xxu||||| |||| 00| 0 eng d | ||
| 082 | _aT83053 Or14 | ||
| 245 |
_aGlossary of study terms _cby The European Productivity Agency, rance |
||
| 260 |
_aParis _bThe European Productivity Agency _c1958 |
||
| 300 | _a124p. | ||
| 700 | _aFrance. The European Productivity Agency | ||
| 999 |
_c424283 _d424283 |
||